| 000 | 01544cam a2200445 4500 | ||
|---|---|---|---|
| 003 | PE-LiUPU | ||
| 005 | 20250731173124.0 | ||
| 020 | _a0828015686 | ||
| 035 | _a(Sirsi) i9780828015684 | ||
| 035 | _a(Sirsi) 26716 | ||
| 035 | _a(Sirsi) 26716 | ||
| 041 | _aen | ||
| 044 | _aus | ||
| 082 | 0 | 4 |
_a286.732 _bH28 |
| 100 | 1 |
_aHayden Ronald Keavin _d1960- |
|
| 245 |
_aLifestyles of the remnant / _cHayden Ronald Keavin 1960. |
||
| 264 | 1 |
_aHagerstown : _bReview and Herald Publishing Association, _c2001 |
|
| 300 |
_a128 páginas ; _c23 cm. |
||
| 505 | 0 | _aThe greatest standard. would be like Jesus. The struggle over standards. Safety principles for God's workers. Principles of christian dress. Principles of adornment. Principles of music. Principles of health. Principles of association. The two adventisms. | |
| 521 | _aAlumnos de teología | ||
| 526 | _aSEG42 | ||
| 526 | _aSEG41 | ||
| 526 | _aSEG40 | ||
| 526 | _aSEG39 | ||
| 526 | _aP94 | ||
| 526 | _aP87 | ||
| 526 | _aP86 | ||
| 526 | _aP85 | ||
| 526 | _aP77 | ||
| 526 | _aP76 | ||
| 526 | _aP35 | ||
| 650 | 1 | 4 |
_aEstilo de vida _xIASD |
| 650 | 1 | 4 | _aVida cristiana |
| 942 |
_2ddc _cBOOK |
||
| 949 |
_a286.732 H28 _i51084 _lCCODEBUL1 _mBUL _tLIBRO _o.STAFF. Colección General |
||
| 910 |
_aaj _bgl _cop _d20030217 |
||
| 596 | _a1 | ||
| 999 |
_a286.732 H28 _wDEWEY _c32777 _i51084 _d32777 _f2021-11-11 _g6 _lCCODEBUL1 _mBUL _p10.00 _q1 _r0 _sY _tBOOK _u2015-6-24 _xTEOLOGIA _PP35 _0COMPRA _o.STAFF. Colección General |
||
| 980 |
_81 _gALBERTO SANCHEZ Responsable de Automatización |
||